000 00837cam a2200289 4500
001 ABS64129
008 000000n2001 000 0 eng u
035 _a(Sirsi) u113545
245 _aFocus 2001: Yorkshire retail and leisure
260 _c2001
490 _aEstates Gazette
_v(0123) 9 June 2001, 95-121(13)
590 _aABS
650 _aARCHAEOLOGICAL REMAINS
650 _aARCHAEOLOGICAL SITES
650 _aBRADFORD
650 _aLEEDS
650 _aLEISURE MARKET
650 _aLICENSED PREMISES
650 _aPROPERTY-COMMERCIAL PROPERTY-OFFICE PROPERTY-OFFICE PROPERTY MARKET
650 _aPROPERTY-COMMERCIAL PROPERTY-RETAIL PROPERTY-RETAIL PROPERTY MARKET
650 _aSHEFFIELD
650 _aTOURISM
650 _aYORK
650 _aYORKSHIRE
690 _aCOMMERICAL PROPERTY-MARKET
942 _n0
999 _c67637
_d67637